Negotiating and influencing skills (Record no. 480734)
[ view plain ]
| 000 -LEADER | |
|---|---|
| fixed length control field | 01480cam a2200349 a 4500 |
| 001 - CONTROL NUMBER | |
| control field | EDZ0000063664 |
| 003 - CONTROL NUMBER IDENTIFIER | |
| control field | StDuBDS |
| 005 - DATE AND TIME OF LATEST TRANSACTION | |
| control field | 20161031105149.0 |
| 006 - FIXED-LENGTH DATA ELEMENTS--ADDITIONAL MATERIAL CHARACTERISTICS--GENERAL INFORMATION | |
| fixed length control field | m||||||||d|||||||| |
| 007 - PHYSICAL DESCRIPTION FIXED FIELD--GENERAL INFORMATION | |
| fixed length control field | cr ||||||||||| |
| 008 - FIXED-LENGTH DATA ELEMENTS--GENERAL INFORMATION | |
| fixed length control field | 120319s1998 caua fo| 001|0|eng d |
| 020 ## - INTERNATIONAL STANDARD BOOK NUMBER | |
| International Standard Book Number | 9781452233390 (ebook) : |
| Terms of availability | No price |
| 040 ## - CATALOGING SOURCE | |
| Original cataloging agency | StDuBDS |
| Language of cataloging | eng |
| Transcribing agency | StDuBDS |
| Description conventions | pn |
| 049 ## - LOCAL HOLDINGS (OCLC) | |
| Holding library | Alfaisal Main Library |
| 050 #0 - LIBRARY OF CONGRESS CALL NUMBER | |
| Classification number | BF637.N4 |
| Item number | M39 1998 |
| 082 04 - DEWEY DECIMAL CLASSIFICATION NUMBER | |
| Classification number | 158.5 |
| Edition number | 23 |
| 100 1# - MAIN ENTRY--PERSONAL NAME | |
| Personal name | McRae, Bradley C. |
| Fuller form of name | (Bradley Collins), |
| Dates associated with a name | 1945- |
| 245 10 - TITLE STATEMENT | |
| Title | Negotiating and influencing skills |
| Medium | [electronic resource] : |
| Remainder of title | the art of creating and claiming value / |
| Statement of responsibility, etc | Brad McRae. |
| 260 ## - PUBLICATION, DISTRIBUTION, ETC. (IMPRINT) | |
| Place of publication, distribution, etc | Thousand Oaks, Calif. ; |
| -- | London : |
| Name of publisher, distributor, etc | SAGE, |
| Date of publication, distribution, etc | c1998. |
| 300 ## - PHYSICAL DESCRIPTION | |
| Extent | 1 online resource (xii, 195 p.) : |
| Other physical details | ill. |
| 504 ## - BIBLIOGRAPHY, ETC. NOTE | |
| Bibliography, etc | Includes bibliographical references and index. |
| 520 8# - SUMMARY, ETC. | |
| Summary, etc | Negotiating and Influencing Skills is designed to help the reader acquire, develop and improve the skills required to be an effective negotiator. Every aspect of negotiation is covered and case studies are used to illustrate key points. |
| 521 ## - TARGET AUDIENCE NOTE | |
| Target audience note | Specialized. |
| 588 ## - | |
| -- | Description based on print version record. |
| 650 #0 - SUBJECT ADDED ENTRY--TOPICAL TERM | |
| Topical term or geographic name as entry element | Negotiation. |
| 650 #0 - SUBJECT ADDED ENTRY--TOPICAL TERM | |
| Topical term or geographic name as entry element | Influence (Psychology) |
| 655 #7 - INDEX TERM--GENRE/FORM | |
| Genre/form data or focus term | Electronic books. |
| Source of term | local |
| 710 2# - ADDED ENTRY--CORPORATE NAME | |
| Corporate name or jurisdiction name as entry element | Sage eBooks |
| 776 08 - ADDITIONAL PHYSICAL FORM ENTRY | |
| Display text | Print version : |
| International Standard Book Number | 9780761911852 |
| 856 40 - ELECTRONIC LOCATION AND ACCESS | |
| Uniform Resource Identifier | <a href="http://ezproxy.alfaisal.edu/login?url=http://sk.sagepub.com/books/negotiating-and-influencing-skills">http://ezproxy.alfaisal.edu/login?url=http://sk.sagepub.com/books/negotiating-and-influencing-skills</a> |
| 942 ## - ADDED ENTRY ELEMENTS (KOHA) | |
| Source of classification or shelving scheme | Library of Congress Classification |
| Koha item type | eBooks |
No items available.

